KOHA-Header-6

IBM Dictionary of Computing (Record no. 2929)

000 -LEADER
fixed length control field 00295nam a2200121Ia 4500
008 - FIXED-LENGTH DATA ELEMENTS--GENERAL INFORMATION
fixed length control field 190902s9999||||xx |||||||||||||| ||und||
020 ## - INTERNATIONAL STANDARD BOOK NUMBER
International Standard Book Number 0-517-59860-4
100 ## - MAIN ENTRY--PERSONAL NAME
Personal name Mcdaniel,George
245 #0 - TITLE STATEMENT
Title IBM Dictionary of Computing
260 ## - PUBLICATION, DISTRIBUTION, ETC. (IMPRINT)
Place of publication, distribution, etc London
Name of publisher, distributor, etc Prentice Hall
Date of publication, distribution, etc 1994
300 ## - PHYSICAL DESCRIPTION
Extent 758
942 ## - ADDED ENTRY ELEMENTS (KOHA)
Koha item type Books
Holdings
Withdrawn status Lost status Damaged status Not for loan Collection code Permanent Location Current Location Shelving location Date acquired Barcode Date last seen Price effective from Koha item type
        Dictionaries MAJU MAJU Shelf No.B28 2019-09-02 6602 2019-09-02 2019-09-02 DICTIONARY

Powered by Koha